Flower Boy - Tyler, The Creator - Statistics

General Stats
  • This quiz has been taken 16 times
  • The average score is 10 of 14
Answer Stats
Songs Plays Artists % Correct
See You Again 2,605,386,194 Tyler, The Creator, Kali Uchis
92%
Where This Flower Blooms 262,828,450 Tyler, The Creator, Frank Ocean
92%
Garden Shed 127,790,896 Tyler, The Creator, Estelle
85%
911 / Mr. Lonely 437,100,568 Tyler, The Creator, Frank Ocean, Steve Lacey
77%
Pothole 108,958,534 Tyler, The Creator, Jaden Smith
77%
Who Dat Boy 274,096,147 Tyler, The Creator, A$AP Rocky
77%
Droppin' Seeds 77,252,812 Tyler, The Creator, Lil Wayne
69%
Glitter 252,689,836 Tyler, The Creator
69%
Boredom 350,942,750 Tyler, The Creator, Anna of the North, Rex Orange County
62%
November 117,537,420 Tyler, The Creator
62%
Sometimes... 69,979,341 Tyler, The Creator
62%
Enjoy Right Now, Today 52,749,175 Tyler, The Creator
54%
Foreward 129,016,209 Tyler, The Creator, Rex Orange County
54%
I Ain't Got Time! 111,839,711 Tyler, The Creator
46%
No matching quizzes found
Score Distribution
Percent of People with Each Score
Percentile by Number Answered
Your Score History
You have not taken this quiz